000 00716nam a22001697a 4500
999 _c14960
_d14960
008 200203b ||||| |||| 00| 0 eng d
082 _22013
_aUT 1459
_bM27
100 _aMagbulogtong, Carren C.
_941529
245 _aGuidance and Testing Center Services and Student's Development of CBA Sophomore in the University of Mindanao Digos Campus/
_cCarren C. Magbulogtong, Anabelle B. Bunal & Merly R. Perlas
260 _aDigos City
_bUMDC
_cMarch 2013
300 _a48 pages
_c30 cm
650 _aBusiness Administration
_vFinancial Management
_xUndergraduate Thesis
_941530
700 _aMagbulogtong, Carren C.
_941531
700 _aBunal, Anabelle B.
_941532
700 _a Perlas, Merly R.
_941533
942 _2ddc
_cUT